Synthesis of 2,3-disubstituted tetrahydrofurans and assignment of their relative configuration using NMR spectroscopy bachelor thesis
Saved in:
| Main Author: | |
|---|---|
| Format: | Book |
| Language: | English |
| Published: |
Bratislava
STU FCHPT
2014
|
| Online Access: | View in OPAC |
| Tags: |
No Tags, Be the first to tag this record!
|
MARC
| LEADER | 00000nam a2200000 a 4500 | ||
|---|---|---|---|
| 005 | 20260127134048.0 | ||
| 008 | 140929 2014 000 0 eng d | ||
| 035 | |a vtls010624631 | ||
| 039 | 9 | |y 201409290946 |z mschk03 | |
| 040 | |a STUSCHK1 |b slo |c STUSCHK1 |e AACR2 | ||
| 100 | 1 | |a Gallová, Lenka | |
| 245 | 1 | |a Synthesis of 2,3-disubstituted tetrahydrofurans and assignment of their relative configuration using NMR spectroscopy |b bachelor thesis |c Lenka Gallová | |
| 260 | |a Bratislava |b STU FCHPT |c 2014 | ||
| 300 | |a 38 s. |b ill. |c 30 cm | ||
| 500 | |a Study programme: Chemistry, Medical Chemistry and Chemical Materials | ||
| 500 | |a Study branches combination: chemistry, chemical technologies | ||
| 500 | |a Department: Department of NMR Spectroscopy and Mass Spectroscopy | ||
| 500 | |a Reg.No.: FCHPT-13569-62537 | ||
| 910 | |a SCHK95 | ||
| 999 | |c 3201 |d 3201 | ||